000 00458nam a2200181Ia 4500
001 24262
005 20260414151031.0
008 260414t2024||||xx |||||||||||||| ||spa||
041 _aESP
082 _a345.2
_bC94T
100 _aCubas Villanueva, Víctor,
_eAUT
245 0 _aLas técnicas de investigación en el proceso penal
_b
260 _c2024
300 _a350 páginas :
_c25 cm.
650 _aDER
654 _aCDE
942 _cLIB
_dJUS
_fJUS
_2ddc
_n
999 _c24262
_d24262